Murray & Nadel's textbook of respiratory medicine / (Record no. 170576)

MARC details
000 -LEADER
fixed length control field 03993cam a2200361 i 4500
001 - CONTROL NUMBER
control field 902835121
003 - CONTROL NUMBER IDENTIFIER
control field OCoLC
005 - DATE AND TIME OF LATEST TRANSACTION
control field 20231124122554.0
008 - FIXED-LENGTH DATA ELEMENTS--GENERAL INFORMATION
fixed length control field 150130t20162016paua b 001 0 eng
020 ## - INTERNATIONAL STANDARD BOOK NUMBER
International Standard Book Number 9781455733835 (hardback)
Qualifying information 2 volume set
040 ## - CATALOGING SOURCE
Original cataloging agency NUST
Language of cataloging eng
Description conventions rda
Transcribing agency NUST
Modifying agency NUST
050 10 - LIBRARY OF CONGRESS CALL NUMBER
Classification number RC731 MUR
245 10 - TITLE STATEMENT
Title Murray & Nadel's textbook of respiratory medicine /
Statement of responsibility, etc. ***editor-in-chief: V. Courtney Broaddus, MD, John F. Murray Distinguished Professor of Medicine, University of California San Francisco, Chief, Division of Pulmonary and Critical Care Medicine, San Francisco General Hospital, San Francisco, California ----- ***editors: Robert J. Mason, MD, Cetelie & Marcel Weiss Chair in Pulmonary Medicine, Department of Medicine, National Jewish Health, Denver, Colorado, Professor of Medicine, University of Colorado, Denver Health Services, Aurora, Colorado ----- Joel D. Ernst, MD, Director, Division of Infectious Diseases and Immunology, Jeffrey Bergstein Professor of Medicine, Professor of Medicine, Pathology and Microbiology, New York University School of Medicine, NYU Langone Medical Center, New York, New York ---- Talmadge E. King Jr., MD, Julius R. Krevans Distinguished Professorship in Internal Medicine, University of California San Francisco, San Francisco, California ---- Stephen C. Lazarus, MD, Professor of Medicine, Division of Pulmonary, Critical Care, Allergy, and Sleep Medicine, Director, Training Program in Pulmonary and Critical Care Medicine, Associate Director, Adult Pulmonary Laboratory, Senior Investigator, Cardiovascular Research Institute, University of California San Francisco, San Francisco, California ---- John F. Murray, MD, FRCP, DSc (Hon), Professor Emeritus, Department of Medicine, University of California San Francisco, San Francisco General Hospital, San Francisco, California ---- Jay A. Nadel, MD, MD, FRCP, DSc (Hon), DLaw (Hon), Professor of Medicine, Physiology, and Radiology, Division of Pulmonary and Critical Care Medicine, Cardiovascular Research Institute, University of California San Francisco, San Francisco, California ---- Arthur S. Slutsky, MD, Kenan Chair in Medicine, Professor of Medicine, Surgery and Biomedical Engineering, University of Toronto, Vice President (Research), St. Michael's Hospital, Kenan Research Centre for Biomedical Science, Li Ka Shing Knowledge Institute, Toronto, Ontario, Canada ----- ***thoracic imaging editor: Michael B. Gotway, MD, Professor of Radiology, Mayo Clinic, Scottsdale, Arizona, Clinical Associate Professor, Diagnostic Radiology/Biomedical Imaging and Pulmonary/Critical Care Medicine, Department of Radiology and Biomedical Engineering, University of California San Francisco, San Francisco, California, Clincal Professor, University of Arizona College of Medicine, Phoenix, Arizona, Adjunct Professor, Department of Biomedical Informatics, Arizona State University, Tempe, Arizona
250 ## - EDITION STATEMENT
Edition statement Sixth edition.
260 ## - PUBLICATION, DISTRIBUTION, ETC.
Place of publication, distribution, etc. Philadephia :
Name of publisher, distributor, etc. Elsevier,
Date of publication, distribution, etc. 2016.
300 ## - PHYSICAL DESCRIPTION
Extent 2 volumes (xxx, 1849 pages, 72 variously numbered pages) :
Other physical details illustrations (some color) ;
Dimensions 29 cm
336 ## - CONTENT TYPE
Content type term text
Content type code txt
Source rdacontent
337 ## - MEDIA TYPE
Media type term unmediated
Media type code n
Source rdamedia
338 ## - CARRIER TYPE
Carrier type term volume
Carrier type code nc
Source rdacarrier
504 ## - BIBLIOGRAPHY, ETC. NOTE
Bibliography, etc. note Includes bibliographical references and index.
650 #0 - SUBJECT ADDED ENTRY--TOPICAL TERM
Topical term or geographic name entry element Respiratory organs
General subdivision Diseases.
650 12 - SUBJECT ADDED ENTRY--TOPICAL TERM
Topical term or geographic name entry element Respiratory Tract Diseases.
700 1# - ADDED ENTRY--PERSONAL NAME
Personal name Broaddus, V. Courtney,
Relator term Editor.
700 1# - ADDED ENTRY--PERSONAL NAME
Personal name Mason, Robert J.,
Relator term Editor.
700 1# - ADDED ENTRY--PERSONAL NAME
Personal name Murray, John F.
Fuller form of name (John Frederic),
Dates associated with a name 1927-2020,
Relator term editor.
Authority record control number or standard number http://id.loc.gov/authorities/names/n85085377
700 1# - ADDED ENTRY--PERSONAL NAME
Personal name Nadel, Jay A.,
Dates associated with a name 1929-
Relator term Editor.
700 1# - ADDED ENTRY--PERSONAL NAME
Personal name Ernst, Joel D.,
Relator term Editor.
700 1# - ADDED ENTRY--PERSONAL NAME
Personal name King, Talmadge E.,
Titles and other words associated with a name Jr.,
Relator term editor.
Authority record control number or standard number http://id.loc.gov/authorities/names/n88115415
700 1# - ADDED ENTRY--PERSONAL NAME
Personal name Lazarus, Stephen C.,
Relator term Editor.
700 1# - ADDED ENTRY--PERSONAL NAME
Personal name Slutsky, Arthur S.
Fuller form of name (Arthur Samuel),
Dates associated with a name 1948-
Relator term Editor.
700 1# - ADDED ENTRY--PERSONAL NAME
Personal name Gotway, Michael B.,
Relator term Editor.
942 ## - ADDED ENTRY ELEMENTS (KOHA)
Source of classification or shelving scheme Library of Congress Classification
Koha item type Ordinary Loan Books
Edition Sixth edition
Suppress in OPAC No
Classification part RC731
Call number prefix RC
Call number suffix MUR
Holdings
Withdrawn status Lost status Source of classification or shelving scheme Damaged status Not for loan Collection Home library Current library Shelving location Date acquired Source of acquisition Cost, normal purchase price Total Checkouts Full call number Barcode Date last seen Accession number Cost, replacement price Price effective from Koha item type Public note
    LCC     NFIC MAIN MAIN GEN 09/02/2024 Book Aid International 50.00   RC731 MUR 92004053348 09/02/2024 60739 50.00 09/02/2024 BOOKS Donation
    LCC     NFIC MAIN MAIN GEN 09/02/2024 Book Aid International 50.00   RC731 MUR 92004053300 09/02/2024 60738 50.00 09/02/2024 BOOKS Donation